| 000 | 00605nam a22001457a 4500 | ||
|---|---|---|---|
| 020 | _a81-8252-253-6 | ||
| 082 |
_a823 _bEST/R |
||
| 100 | _aELIOT, GEORGE | ||
| 245 | _aSILAS MARNER | ||
| 260 |
_aMUMBAI _bSILCO PUBLISHING HOUSE _c2006 |
||
| 300 | _a200 | ||
| 520 | _aSilas Marner unfolds as a tale of love, redemption, and unforeseen twists. Initially framed for theft, Silas, the isolated weaver, rebuilds his life in the village of Raveloe, isolated from human bonds. A pivotal event occurs when his gold is stolen by Dunstan Cass, the sly son of the Squire Cass. | ||
| 650 |
_aNOVEL _zINDIA |
||
| 942 | _cBK | ||
| 999 |
_c3182 _d3182 |
||